STN EN ISO 12956 Geotextílie a geotextíliám podobné výrobky. Zisťovanie charakteristickej veľkosti otvorov (ISO 12956:1999)

Bibliographic Details
Format: Book
Language:Undetermined
PhysicalDescription:16 s.
Published: Bratislava Slovenský ústav technickej normalizácie 2001

MARC

LEADER 00000nam a2200000 a 4500
001 vtls001419853
003 SK-MaSNL
005 20260223132043.0
008 180126sm y0 xo 0 und
035 |a SNK000374681 
040 |a SNK  |b slo  |c SNK  |e AACR2 
044 |a xo  |c SK 
245 1 |a STN EN ISO 12956 Geotextílie a geotextíliám podobné výrobky. Zisťovanie charakteristickej veľkosti otvorov (ISO 12956:1999) 
260 |a Bratislava  |b Slovenský ústav technickej normalizácie  |c 2001 
300 |a 16 s. 
999 |c 554362  |d 556292 
952 |t P60, <03>, [BOOK], {603}  |a SNK  |b SNK  |y PREZ  |7 0  |p 17A0314470  |o snkSTN EN ISO 12956  |i snkN 1911/2001  |0 0  |1 0  |4 0  |d 2001-09-06  |l 0  |r 2005-01-02 00:00:00  |w 2026-02-23 
952 |t P60, <04>, [BOOK], {604}  |a SNK  |b SNK  |y VYP  |7 0  |p 17A0314469  |o snkSTN EN ISO 12956 D1  |i snkN 1912/2001  |0 0  |1 0  |4 0  |d 2001-09-06  |l 0  |r 2005-01-02 00:00:00  |w 2026-02-23